[Event "13th Agzamov Memorial 2019"]
[Site "Tashkent"]
[Date "2019.03.15"]
[Round "5.5"]
[White "Ivanov, Sergey"]
[Black "Abdisalimov, Abdimalik"]
[Result "1-0"]
[WhiteElo "2509"]
[BlackElo "2375"]
[Annotator "TA"]
[PlyCount "71"]
[EventDate "2019.03.12"]
[EventType "swiss"]
[EventCountry "UZB"]
[SourceTitle "playchess.com"]
[Source "ChessBase"]
[SourceQuality "1"]

{[%evp 9,71,54,50,47,56,35,41,36,37,45,37,37,39,24,24,25,20,20,9,13,15,12,1,0,0,-17,-17,-33,0,-13,0,0,13,20,27,20,39,42,42,47,123,116,191,192,193,221,290,144,674,674,589,594,2685,2516,29992,29993,29993,29994,29995,29996,29996,29997,29997,29998]} 1. d4 d6 2. Nf3 Bg4 3. e4 Nf6 4. h3 Bh5 5. Bd3 e6 6. c4 {A41: 1 d4 d6: Tartakower System and Modern Defence} Nc6 7. Be3 Bxf3 8. Qxf3 {White is slightly better.} e5 $146 ({Predecessor:} 8... g6 9. Na3 Bg7 10. Nc2 O-O 11. O-O a5 12. Qe2 Nd7 13. f4 {0-1 (40) Hansen,L (2560)-Hickl,J (2570) Polanica Zdroj 1993}) 9. d5 Nd4 10. Bxd4 (10. Qd1 {keeps more tension.} Be7 11. O-O Nd7 12. Nc3 O-O 13. b3) 10... exd4 11. O-O Nd7 12. Nd2 g6 13. b4 a5 14. a3 Bg7 15. Nb3 b6 16. Rfd1 O-O 17. bxa5 bxa5 18. a4 Qb8 19. Rab1 Qa7 20. c5 dxc5 21. Bb5 Ne5 22. Qg3 Rfb8 23. Rbc1 {[#]} Rxb5 $1 {[%mdl 512]} 24. axb5 {[%cal Ba4b5,Bb5c6][%mdl 32]} c4 (24... Nd7 $14) 25. Nxd4 $16 {Strongly threatening Nc6.} a4 (25... Qb6 $16) 26. Nc6 $18 Nxc6 27. bxc6 {Hoping for d6.} ({Stronger than} 27. dxc6 a3 $11) 27... Bb2 {[#] aiming for ...a3.} 28. Rxc4 (28. d6 $1 $18 {[%cal Rd6c7] is the precise move to win.} Bxc1 29. d7 (29. Rxc1 a3 $11) (29. dxc7 Qb6 $16)) 28... Qb6 $2 {[%mdl 8192]} (28... a3 $16) 29. d6 a3 30. dxc7 {And now Rb4! would win.} a2 {[#]} 31. Ra4 $1 {[%mdl 576] Deflection, Promotion} Rxa4 32. c8=Q+ {White mates.} Kg7 33. Qd6 {[%csl Gd6][%cal Rc8f8]} Kh6 34. Qcf8+ {[%mdl 64] Double Attack} Bg7 35. Qf4+ {[%mdl 64] Double Attack} g5 36. Rd6+ {Accuracy: White = 60%, Black = 34%.} 1-0

[Event "13th Agzamov Memorial 2019"]
[Site "Tashkent"]
[Date "2019.03.15"]
[Round "5.6"]
[White "Khusenkhojaev, Muhammad"]
[Black "Mirzoev, Azer"]
[Result "1-0"]
[WhiteElo "2441"]
[BlackElo "2477"]
[Annotator "TA"]
[PlyCount "89"]
[EventDate "2019.03.12"]
[EventType "swiss"]
[EventCountry "UZB"]
[SourceTitle "playchess.com"]
[Source "ChessBase"]
[SourceQuality "1"]

{[%evp 10,89,32,30,28,9,23,23,29,19,30,13,22,0,0,0,-13,-20,0,0,0,0,0,0,0,0,0,0,30,0,4,0,72,61,118,120,105,98,107,108,104,110,120,118,217,223,154,135,155,152,159,194,209,210,176,0,0,0,218,220,516,481,419,389,750,733,740,695,719,705,656,737,773,720,796,704,29969,10423,29983,29984,29978,29974]} 1. c4 c5 2. Nf3 g6 3. e3 Bg7 4. Nc3 Nf6 5. d4 O-O 6. d5 e6 {E61: King's Indian: Early deviations for White, including Smyslov System} 7. Be2 exd5 8. cxd5 d6 {White has an edge.} 9. O-O a6 10. a4 $1 Bg4 11. e4 Re8 12. Qc2 Nbd7 13. Bf4 Bxf3 14. Bxf3 Ne5 15. Be2 Rc8 {[#]} 16. a5 $146 ({Predecessor:} 16. Rae1 Qb6 17. Ra1 c4 {1-0 (57) Mamedyarov,S (2764)-Gelfand,B (2748) Tashkent 2014}) 16... Nfd7 17. Be3 {Strongly threatening f4.} c4 18. Na4 h5 19. h3 Qe7 20. Rac1 Kh7 (20... Qh4 $11) 21. Qd2 Qd8 (21... Nd3 $14) 22. f4 $16 Nd3 23. Bxd3 cxd3 24. Rxc8 (24. Qxd3 Rxc1 25. Rxc1 Qxa5 $17) 24... Qxc8 25. Qxd3 Qc7 26. b4 Nf6 (26... Qd8 $16 27. Bd4 Qe7) 27. e5 $18 dxe5 28. d6 Qc6 {[#]} 29. Nb6 $1 {Hoping for Rc1.} e4 {[#]} 30. Qd2 $1 {Threatens to win with Rc1.} Rd8 31. d7 Qe6 {[%cal Rf6d7]} 32. Rc1 $2 (32. Rd1 $18) 32... Nxd7 $11 {[#]} 33. f5 $1 $36 {[%mdl 2560] Black is under pressure.} Qxf5 $2 (33... Qb3 $1 $11 34. Bg5 e3) 34. Rc7 $18 Nxb6 $2 (34... Qe5 {might work better.} 35. Rxd7 Rxd7 36. Qxd7 (36. Nxd7 Qc3 $16) 36... Qa1+ 37. Kf2 Qf6+ 38. Ke2 Qb2+ 39. Qd2 Qb3) 35. Qxd8 Qd5 ({And not} 35... Nd5 36. Rc5 $18) 36. Bg5 Qxd8 $2 (36... e3 37. Qxd5 (37. axb6 e2 $17) 37... Nxd5 38. Rxf7 Kg8 39. Rxb7 Bc3) 37. Bxd8 {[%mdl 4096] Endgame KRB-KBN} Nd5 38. Rxf7 Kg8 39. Rxb7 e3 40. Rxg7+ Kxg7 {[#]} 41. b5 $1 {[%cal Bb4b5,Bb5a6][%mdl 544]} Nb4 (41... axb5 42. a6) 42. Be7 Nd3 43. bxa6 e2 44. Bh4 g5 45. Bf2 {Accuracy: White = 75%, Black = 46%.} 1-0

[Event "13th Agzamov Memorial 2019"]
[Site "Tashkent"]
[Date "2019.03.15"]
[Round "5.7"]
[White "Kazakovskiy, Valeriy"]
[Black "Kurbonboeva, Sarvinoz"]
[Result "1-0"]
[WhiteElo "2456"]
[BlackElo "2273"]
[Annotator "TA"]
[PlyCount "136"]
[EventDate "2019.03.12"]
[EventType "swiss"]
[EventCountry "UZB"]
[SourceTitle "playchess.com"]
[Source "ChessBase"]
[SourceQuality "1"]

{[%evp 13,136,33,40,37,49,51,35,28,66,38,53,28,86,65,157,145,133,132,184,156,170,143,149,45,165,165,143,148,122,42,190,183,172,172,200,184,206,212,223,210,285,180,193,193,185,150,167,158,219,219,208,216,209,222,227,201,230,192,199,208,225,195,225,208,299,310,314,320,389,392,374,378,379,372,476,366,358,351,347,350,396,374,400,404,772,247,444,244,235,240,220,83,151,65,66,69,88,8,8,7,8,8,8,8,8,11,15,0,8,0,29972,29973,29981,29982,29982,29983,29983,29984,29984,29985,29988,29989,29988,29989,29996]} 1. Nf3 Nf6 2. c4 g6 3. Nc3 Bg7 4. e4 d6 5. d4 O-O 6. h3 e5 7. d5 Nh5 8. g3 {E90: King's Indian: Classical: Early deviations and 6 h3} f5 (8... Na6 9. Be2 Nc5 10. b4 Nd7 11. Rb1 a5 12. a3 axb4 13. axb4 Qe7 14. Bg5 f6 15. Be3 f5 16. exf5 {½-½ (68) Akobian,V (2647)-Guseinov,G (2646) Riadh 2017}) 9. exf5 gxf5 10. Nh4 {White is slightly better.} Nf6 11. Be2 c6 $146 ({Predecessor:} 11... Na6 12. Qc2 f4 13. a3 c6 14. Rg1 cxd5 15. cxd5 Bd7 {½-½ (53) Damljanovic,B (2536)-Ivic,V (2413) Belgrade 2018}) 12. Qc2 e4 (12... cxd5 $11 13. cxd5 (13. Nxf5 d4 $17) 13... Ne8) 13. Be3 c5 (13... cxd5 $14 14. cxd5 Na6) 14. Bg5 $16 h6 15. Bf4 Ne8 (15... Nh7 $16 16. O-O Ng5) 16. Qd2 Qf6 17. Bh5 Nd7 18. O-O-O (18. Ng6 $16) 18... Nb6 (18... b5 $1 $14) 19. Qe2 $18 Bd7 20. Ng6 Rf7 21. Bd2 (21. Rd2 $16) 21... Nxc4 (21... Qd4 $1 $14) 22. Qxc4 b5 23. Qe2 b4 24. Nf4 Rf8 25. Bxe8 $1 {[%mdl 64] Overworked Piece} Bxe8 26. Ne6 Rf7 27. Nxg7 bxc3 28. Bxc3 Qg5+ 29. Qd2 Rxg7 30. Bxg7 Qxd2+ (30... Kxg7 $16 {was called for.} 31. Qxg5+ hxg5) 31. Kxd2 Kxg7 $16 {[%mdl 4096] Endgame KRR-KRB} 32. Ke3 Rb8 33. Rd2 Kf6 34. g4 Bd7 35. gxf5 Bxf5 36. Rg1 a5 37. Rg3 a4 38. Kf4 Rb4 (38... Bh7 $142 39. a3 Re8) 39. Rg8 $18 Bxh3 40. Rf8+ Kg6 41. Rd8 Rb6 42. Kxe4 h5 43. f3 h4 44. Kf4 Bf1 45. Kg4 h3 46. Kg3 Kf6 47. Rf8+ Ke7 48. Rf4 c4 (48... Rb7 $142 49. Rxa4 Kf6) 49. Re4+ $2 (49. Rd1 {Threatening mate with Re1+.} Rxb2 50. Rxf1) 49... Kf7 $2 (49... Kd8 {keeps fighting.} 50. Rh4 Rb5 51. Rh8+ Ke7) 50. Rf2 (50. Rd1 $142) 50... Bd3 51. Rf4+ (51. Kxh3 $6 a3 $16) 51... Ke7 52. Rd4 ({Don't do} 52. Kxh3 $6 a3 $16) (52. a3 $1 $18 {and the rest is easy.}) 52... Kf6 (52... a3 $142 53. bxa3 Ra6) 53. f4 ({Inferior is} 53. Kxh3 a3 $11) (53. a3 $1 $16) 53... a3 $14 54. bxa3 Ra6 {[#]} 55. Kxh3 (55. Rf3 $1 $16) 55... Rxa3 56. Kg2 Kf5 57. Kh2 c3 {And now ...c2 would win.} 58. Rxd3 c2 $1 $132 {[%cal Rc2c1][%mdl 2048] Black is not keeping still} 59. Rxa3 {White threatens Rc3 and mate.} c1=Q $11 {KQ-KRR} 60. Rg3 Qc5 61. Kg1 Ke4 $2 {[%mdl 8192] [#]} (61... Qb4 $11) 62. f5 $1 {[%cal Rf5f6] White mates.} Qxd5 63. f6 Qf7 64. Rg7 Qf8 65. Rg4+ Ke5 66. f7 Qc8 67. Rg5+ Ke4 68. Rg8 Ke5 {Accuracy: White = 57%, Black = 26%.} 1-0

[Event "13th Agzamov Memorial 2019"]
[Site "Tashkent"]
[Date "2019.03.15"]
[Round "5.8"]
[White "Tillyaev, Ulugbek"]
[Black "Urazayev, Arystanbek"]
[Result "1-0"]
[WhiteElo "2304"]
[BlackElo "2450"]
[Annotator "TA"]
[PlyCount "110"]
[EventDate "2019.03.12"]
[EventType "swiss"]
[EventCountry "UZB"]
[SourceTitle "playchess.com"]
[Source "ChessBase"]
[SourceQuality "1"]

{[%evp 20,110,33,38,66,0,0,0,6,10,8,9,8,9,13,14,18,13,18,23,53,56,98,93,92,93,99,101,104,78,115,112,118,112,131,128,140,138,137,127,142,137,156,137,218,212,211,220,214,186,197,167,224,208,264,264,286,206,314,211,292,197,189,200,150,0,189,179,164,164,184,163,4582,3935,2852,2234,2448,536,507,493,476,398,1206,1157,29975,29976,29976,29978,29978,29979,29978,29976,29971]} 1. e4 e6 2. d4 d5 3. Nd2 c5 4. exd5 exd5 5. Bb5+ Nc6 6. Qe2+ Be7 7. Ngf3 Nf6 8. dxc5 O-O 9. Nb3 Re8 10. Be3 Ne4 11. O-O-O Nxc5 {C08: French Tarrasch: 3...c5 4 exd5 exd5 sidelines} 12. Bxc5 (12. Bc4 $14) 12... Bxc5 $11 13. Rxd5 $146 ({Predecessor:} 13. Qd2 Bb6 14. Rhe1 Rxe1 15. Rxe1 Be6 16. Bd3 Qf6 17. Ng5 h6 18. Nxe6 fxe6 19. f4 {½-½ (37) Niedbala,W (1851)-Karpacz,P (1761) Szczyrk 2014}) 13... Rxe2 {The position is equal.} 14. Rxd8+ Nxd8 15. Bxe2 Bxf2 16. Rd1 {[%cal Rd1d8]} Bf5 17. Nfd4 Bg6 18. Bd3 Rc8 19. Bf5 Ne6 20. Bxg6 Nxd4 {[#]} 21. Bxh7+ $1 {[%mdl 512]} Kxh7 22. Nxd4 $14 {[%mdl 4096] Endgame KRB-KRN} Re8 23. c3 Kg6 24. Nf3 Re7 25. Kc2 f6 26. b4 Kf7 27. a4 Bb6 28. h3 Bc7 29. a5 Bg3 30. Rd3 Bf4 31. Nd4 Be5 (31... a6 $16 32. g3 Be5) 32. Nf5 $1 $18 Rc7 33. Nd6+ $1 Bxd6 34. Rxd6 {KR-KR} Ke7 35. Rd2 Ke6 (35... Rc6 {keeps fighting.} 36. Rd4 Rc7) 36. Kb3 $1 f5 37. c4 g5 38. b5 f4 (38... Rc8 $142 39. Kb4 Rg8) 39. Kb4 Rf7 40. Rd5 Rg7 41. Kc5 g4 42. Rd6+ (42. hxg4 $1 $16 {Threatens to win with b6.} Rxg4 43. Rd6+ Ke5 44. Rd2) 42... Ke7 $2 (42... Ke5 $11 43. Rd5+ Ke6) 43. hxg4 $1 Rxg4 44. Rd2 Rg3 45. b6 axb6+ $2 (45... a6 46. Rd4 Rxg2) 46. Kxb6 Rb3+ 47. Kc7 Ke6 48. Rd6+ (48. Ra2 $142 f3 49. gxf3) 48... Ke5 49. Rb6 Rg3 50. Rxb7 Rxg2 $2 {[#]} (50... Rg6 51. c5 Kd5) 51. a6 $1 {[%cal Ba5a6,Ba6a7][%mdl 32]} Ra2 52. a7 {White mates.} Kd4 53. Kb8 Kxc4 {[#]} 54. Rf7 $1 Rb2+ 55. Kc8 Ra2 {Accuracy: White = 73%, Black = 36%.} 1-0

[Event "13th Agzamov Memorial 2019"]
[Site "Tashkent"]
[Date "2019.03.15"]
[Round "5.9"]
[White "Karimov, Alisher"]
[Black "Saydaliev, Saidakbar"]
[Result "0-1"]
[WhiteElo "2263"]
[BlackElo "2390"]
[Annotator "TA"]
[PlyCount "84"]
[EventDate "2019.03.12"]
[EventType "swiss"]
[EventCountry "UZB"]
[SourceTitle "playchess.com"]
[Source "ChessBase"]
[SourceQuality "1"]

{[%evp 13,84,34,44,32,15,12,34,34,35,39,53,16,3,-19,-19,-30,-33,-14,0,-14,-28,-33,0,-43,-41,-89,-48,-72,-62,-57,-70,-77,-76,-128,-119,-130,-124,-121,-115,-132,-140,-158,-160,-158,-155,-145,-158,-152,-141,-162,-152,-162,-157,-162,-156,-148,-141,-354,-354,-354,-316,-509,-509,-572,-543,-447,-439,-1117,-957,-1196,-1138,-975,-98]} 1. d4 Nf6 2. c4 c5 3. d5 e6 4. Nc3 exd5 5. cxd5 g6 6. Nf3 d6 7. Bf4 Bg7 8. h3 {A61: Modern Benoni: Nf3 without early e4} O-O 9. e3 Qe7 10. Be2 {White is slightly better.} Nh5 11. Bh2 f5 12. Nd2 f4 13. e4 (13. O-O fxe3 14. Nde4 exf2+ 15. Kh1 Bxc3 16. Nxc3 {0-1 (49) Xiong,J (2665)-Caruana,F (2804) Saint Louis 2018}) 13... Nf6 14. Qc2 Nfd7 $146 ({Predecessor:} 14... Na6 15. Bxa6 bxa6 16. Bxf4 Nxe4 17. Qxe4 Qxe4+ 18. Ndxe4 Rxf4 19. Nxd6 {1-0 (39) Oei,H (2095)-Bloothoofd,G (1921) Leiden 2011}) 15. g3 Bh6 16. gxf4 Bxf4 17. Bxf4 Rxf4 18. Bg4 Na6 {White must now prevent ...Nb4.} 19. Ne2 Rf8 {And now ...Nb4 would win.} 20. Be6+ Kh8 21. Qc3+ Nf6 $1 22. Nf4 Nc7 {[%cal Rc8e6]} 23. O-O-O ({Better is} 23. Bxc8 Raxc8 24. Rg1) 23... Bxe6 $17 ({Much weaker is} 23... Nxe6 $6 24. dxe6 Bxe6 25. e5 $11) 24. dxe6 Nxe6 25. Nxe6 Qxe6 {[%mdl 64] Double Attack} 26. Nc4 {[#]} Rad8 $1 ({But not} 26... Qxe4 27. Nxd6 Qa4 28. Kb1 $11) 27. Rhe1 b5 28. Nxd6 Rxd6 29. Rxd6 Qxd6 30. e5 Qd4 31. Qxd4 cxd4 32. exf6 Rxf6 {[%mdl 4096] Endgame KR-KR} 33. Re4 Rxf2 34. Rxd4 Rh2 35. Rd5 $2 (35. h4 $17 {keeps fighting.}) 35... Rxh3 $19 36. Rxb5 Rf3 37. Rb7 $2 {[#]} (37. Kd2 {is a better defense.} Kg7 38. Ra5) 37... h5 $1 {Black is clearly winning.} 38. Kd2 h4 39. Ke2 Rf5 40. Rb4 (40. Rb3 $142 a5 41. Rf3) 40... g5 41. Rg4 Kh7 42. Ke3 h3 $2 {Accuracy: White = 44%, Black = 84%.} (42... Kh6 $19 {is more deadly.} 43. Rg2 Kh5) 0-1

[Event "13th Agzamov Memorial 2019"]
[Site "Tashkent"]
[Date "2019.03.15"]
[Round "5.10"]
[White "Begmuratov, Alisher"]
[Black "Danielyan, Vahe"]
[Result "0-1"]
[WhiteElo "2410"]
[BlackElo "2246"]
[Annotator "TA"]
[PlyCount "112"]
[EventDate "2019.03.12"]
[EventType "swiss"]
[EventCountry "UZB"]
[SourceTitle "playchess.com"]
[Source "ChessBase"]
[SourceQuality "1"]

{[%evp 13,112,6,23,6,13,8,5,9,20,20,26,20,31,0,-14,-17,-15,-17,-9,-9,-7,-7,-3,-25,-12,-21,0,0,0,0,0,0,0,-39,-4,-34,0,-13,-8,-4,-4,-4,27,0,0,-16,243,223,202,0,0,-13,-18,-30,-12,-16,-13,-30,0,-85,-39,-52,-33,-232,-207,-449,-385,-447,-430,-439,-418,-399,-377,-433,-435,-433,-430,-406,-410,-400,-380,-671,-678,-693,-694,-1109,-630,-630,-612,-604,-604,-612,-604,-604,-602,-678,-604,-697,-630,-29983,-5604]} 1. d4 Nf6 2. Nf3 b6 3. g3 Bb7 4. Bg2 g6 5. O-O Bg7 6. c4 O-O 7. Nc3 Ne4 8. Bd2 {A50: Queen's Fianchetto Defence (1 d4 Nf6 2 c4 b6)} e6 9. Rc1 d6 10. d5 {The position is equal.} Nxc3 11. Bxc3 e5 12. Ne1 $146 ({Predecessor:} 12. b4 Nd7 13. Ne1 f5 14. Nd3 Qe7 15. Qd2 {0-1 (37) Malakhov,V (2694)-Mozharov,M (2573) Moscow 2015}) 12... Nd7 13. f4 f5 14. fxe5 Nxe5 15. Nd3 Qe7 16. Nxe5 Bxe5 17. Qd2 Rae8 18. Rce1 Bxc3 19. Qxc3 Qe3+ (19... Bc8 {seems wilder.} 20. e3 a5 21. b3 Qg7 22. Qd2 Bd7) 20. Qxe3 Rxe3 21. Rf3 Re5 22. Kf2 Rfe8 23. e4 b5 24. cxb5 Bxd5 ({Reject} 24... Rxe4 $6 25. Rxe4 fxe4 26. Ra3 $16) 25. Rc3 R5e7 {[%cal Rf5e4]} 26. Rec1 fxe4 {Black wants to play ...e3+.} 27. Ke3 Rc8 28. Bh3 Rf8 $1 29. Kd4 Bf7 $2 {[%mdl 8192]} (29... Bxa2 $11 {and Black stays safe.} 30. Rxc7 Rff7 31. Rxe7 Rxe7) 30. Rxc7 $18 Re5 31. Ke3 $2 ({Not} 31. Rxa7 Rxb5 32. Rcc7 e3 $14) (31. Bd7 $18) 31... Rxb5 $11 32. b3 Rh5 33. Bf1 $1 Rxh2 34. Rxa7 Rh1 35. Rac7 d5 36. Be2 (36. Kd4 $11) 36... Rh2 {Strongly threatening ...d4+!} 37. R1c2 Rg2 38. Kf4 $2 (38. g4 $15) 38... d4 $19 39. Rxf7 $2 (39. Ke5 d3 40. Bxd3 $1 {[%mdl 512]} Rxc2 41. Bxc2) 39... Rxf7+ ({Weaker is} 39... Kxf7 40. Kxe4 Ke7 41. Kxd4 $19) 40. Kxe4 {[%mdl 4096] Endgame KRR-KRB} Kg7 41. Kxd4 Re7 42. Bd3 Rxg3 43. Bc4 h5 44. Rh2 Rg4+ 45. Kc5 h4 46. a4 Rg5+ 47. Kb6 $2 {[#]} (47. Kd4 Rd7+ 48. Ke4) 47... Rh5 $1 48. a5 g5 49. a6 g4 50. Ra2 {If White can now play a7 this consolidates a bit.} Rh6+ 51. Kc5 {intending a7.} Rc7+ 52. Kd4 {Black should prevent a7.} Ra7 53. Rg2 g3 54. Ke3 Kf6 55. Kf4 h3 56. Rd2 g2 {Accuracy: White = 30%, Black = 54%.} 0-1

[Event "13th Agzamov Memorial 2019"]
[Site "Tashkent"]
[Date "2019.03.15"]
[Round "5.11"]
[White "Vahidov, Tair"]
[Black "Karimov, Ibragim"]
[Result "1-0"]
[WhiteElo "2408"]
[BlackElo "2242"]
[Annotator "TA"]
[PlyCount "99"]
[EventDate "2019.03.12"]
[EventType "swiss"]
[EventCountry "UZB"]
[SourceTitle "playchess.com"]
[Source "ChessBase"]
[SourceQuality "1"]

{[%evp 12,99,11,4,50,52,57,64,51,50,68,42,55,41,72,30,42,45,57,30,43,38,102,108,137,136,126,116,154,164,154,121,111,98,90,86,88,112,168,157,230,236,350,331,357,364,553,571,549,317,295,316,316,316,307,310,394,394,448,465,463,437,429,402,395,384,374,313,538,500,431,425,345,254,800,762,2397,2236,11271,29958,29965,29965,29971,29972,6980,5431,29980,29976,29978,29972]} 1. Nf3 Nf6 2. c4 e6 3. d4 b6 4. g3 Bb7 5. Bg2 Be7 6. O-O O-O 7. d5 b5 {E17: Queen's Indian: 4 g3 Bb7 5 Bg2 Be7} (7... exd5 8. Nh4 c6 9. cxd5 Nxd5 10. Nf5 Nc7 11. Nc3 d5 12. e4 Bf6 13. exd5 Nxd5 14. Nxd5 cxd5 15. Re1 Na6 16. Bf4 Bxb2 17. Rb1 Bf6 18. Nd6 Bc6 19. Bxd5 Bxd5 20. Qxd5 Qd7 21. Rbd1 Rad8 22. h4 Nc5 23. Bg5 Bxg5 24. hxg5 Qa4 25. Re7 Rd7 26. Rde1 Nb7 27. Qxf7+ {1-0 (27) Adhiban,B (2655)-Kovalenko,I (2635) chess.com INT 2018}) 8. dxe6 fxe6 9. cxb5 a6 {White is slightly better.} 10. bxa6 Nxa6 11. Nc3 c5 12. b3 $146 ({Predecessor:} 12. Bf4 Nb4 13. Bd6 Nbd5 14. Nxd5 Bxd5 15. Bxe7 Qxe7 {0-1 (34) Fulgenzi,E (2245)-Burgos,C (2350) Buenos Aires 1995}) 12... d5 13. e3 Nd7 14. Bb2 Bf6 15. Re1 Nb6 16. Rc1 Qe8 (16... e5 $14) 17. a4 $1 $16 Qf7 {next ...d4 is good for Black.} 18. Ba3 $1 Rad8 19. Nb5 Be7 20. Qe2 Nd7 21. Bb2 Nb4 22. Ne5 Nxe5 23. Bxe5 Qf5 {[#]} 24. Bc7 $1 {[%cal Rc7d8]} Rd7 (24... Nd3 $16) 25. Red1 $18 Rc8 {[#]} (25... Qf7 $16 26. Ba5 Na6) 26. e4 $1 {[%mdl 512]} Qf7 (26... Qf6 {was necessary.}) (26... dxe4 27. Rxd7) 27. exd5 Bxd5 28. Bh3 {Hoping for Rxd5!} Kh8 {[#]} ({Of course not} 28... Rdxc7 29. Nxc7 Bxb3 30. Rd7 $18) (28... Bf3 {is a better defense.} 29. Bxe6 Rxd1+ 30. Qxd1 Qxe6 31. Qxf3 h6) 29. Rxd5 $1 {[%mdl 512]} Nxd5 30. Qxe6 Qxe6 31. Bxe6 Rcxc7 32. Nxc7 Rxc7 33. Bxd5 {[%mdl 4096] Endgame KRB-KRB} g6 34. a5 {[%cal Ba4a5,Ba5a6][%mdl 32]} Rd7 35. Re1 Kg7 {Black hopes to continue with ...Bf6.} 36. a6 Bd8 37. Bc6 Rf7 38. Rd1 Bb6 39. Rd7 Rxd7 $2 (39... g5 40. Rd5 c4) 40. Bxd7 {KB-KB} Kf6 41. Kg2 Ke5 42. Kf3 h6 $2 (42... c4 43. bxc4 Bc5) 43. h4 g5 44. hxg5 hxg5 45. Bb5 Kf5 46. Bd3+ Kf6 47. Ke4 c4 48. Bxc4 Bxf2 49. Kd5 Ke7 {[#]} 50. Kc6 $1 {Accuracy: White = 78%, Black = 28%.} 1-0

[Event "13th Agzamov Memorial 2019"]
[Site "Tashkent"]
[Date "2019.03.15"]
[Round "5.12"]
[White "Barsov, Alexei"]
[Black "Rakhimov, Rakhmatjon"]
[Result "1-0"]
[WhiteElo "2380"]
[BlackElo "2079"]
[Annotator "TA"]
[PlyCount "109"]
[EventDate "2019.03.12"]
[EventType "swiss"]
[EventCountry "UZB"]
[SourceTitle "playchess.com"]
[Source "ChessBase"]
[SourceQuality "1"]

{[%evp 20,109,17,6,32,-12,3,-14,19,20,35,34,53,52,55,55,64,62,69,60,70,63,75,78,72,20,88,80,76,84,75,-75,81,81,108,111,109,32,22,30,35,6,10,1,4,0,0,0,0,0,0,0,13,8,8,8,8,8,8,8,8,8,68,68,80,71,97,64,64,64,64,64,64,8,26,25,64,64,114,114,114,114,114,114,114,114,114,115,2228,2114,1787,1762]} 1. d4 d5 2. c4 e6 3. Nc3 Nf6 4. cxd5 exd5 5. Bg5 c6 6. e3 h6 7. Bh4 Bd6 8. Bd3 O-O 9. Nge2 Re8 10. h3 Nbd7 11. Qc2 Qc7 {D36: Queen's Gambit Declined: Exchange Variation: Main line (5 Bg5 c6 6 Qc2)} (11... a5 12. g4 a4 13. Rg1 a3 14. b3 g5 15. Bg3 Bb4 16. O-O-O Qe7 17. Bf5 Ne4 18. Nxe4 dxe4 19. h4 {1-0 (28) Moiseenko,V (2522)-Antonenko,V (2343) Sochi 2018}) 12. g4 b5 13. Rc1 $146 ({Predecessor:} 13. Bg3 Bxg3 14. Nxg3 Qa5 15. O-O b4 16. Nce2 Ba6 17. Bxa6 Qxa6 18. Rfc1 {½-½ (54) Utnasunov,A (2257)-Zorko,J Artek 2000}) 13... Qa5 {The position is equal.} 14. O-O b4 15. Na4 Bb7 16. Ng3 Bf8 17. Bxf6 Nxf6 18. Nc5 Bc8 19. Nb3 $1 {[%cal Rb3a5]} Qd8 20. Qxc6 Bd7 21. Qc2 $1 h5 22. g5 ({And not} 22. Nxh5 Nxh5 23. Nc5 Nf6 $17) (22. Nc5 $16) 22... h4 (22... Bxh3 $11 23. gxf6 Qxf6) 23. gxf6 $16 hxg3 24. fxg3 Rxe3 25. Bh7+ Kh8 {[#]} 26. Qf2 $1 Re8 {[#]} 27. fxg7+ $1 Bxg7 28. Bf5 ({Don't play} 28. Qxf7 $6 Kxh7 29. Qh5+ Kg8 $11) ({White should play} 28. Bd3 $16) 28... Bb5 $14 29. Rfe1 Qf6 30. Bg4 Bc4 31. Qxf6 (31. Red1 {is interesting.} a5 32. Nc5 Bxa2 33. Ra1 Bc4 34. b3) 31... Bxf6 32. Kg2 Rxe1 33. Rxe1 a5 {[%cal Ba7a5,Ba5a4][%mdl 32]} 34. Rd1 a4 35. Nc1 $1 b3 36. a3 Re8 37. Bd7 Re4 38. Bxa4 Bxd4 39. Bxb3 {Black must now prevent Bc2.} Bxb2 40. Bxc4 Rxc4 $11 {[%mdl 4096] Endgame KRB-KRN} (40... dxc4 $11 41. Kf3 Re8) 41. Ne2 $1 $14 d4 42. Rd3 Kg7 43. Kf3 f5 44. Rb3 Bc3 45. Nf4 Bd2 46. Rd3 (46. Nd5 $14) 46... Be3 47. h4 Rc1 48. Ne6+ Kf6 49. Nxd4 Bxd4 50. Rxd4 $16 {KR-KR} Rc3+ 51. Kf4 Rxa3 52. Rd6+ Kf7 53. h5 {Threatens to win with Rd5.} Kg7 $2 {[%mdl 8192]} (53... Ra5 $16 54. Rg6 Rc5) 54. Rg6+ $18 Kf7 55. Kxf5 {Accuracy: White = 74%, Black = 61%.} 1-0